000 00560cam a22002171 4500
001 ne 65000335
003 DLC
005 20260227111811.0
008 950531m19549999xx 000 0 arao
010 _ane 65000335
025 _aPL480:UAR-5427
035 _a(OCoLC)32577338
040 _aDLC
_cCU
_dCU
_dDLC
042 _apremarc
050 0 0 _aPJ6101
_b.I18 1954
100 2 _aIbn Jinnī, Abū al-Fatḥ ʻUthmān,
_d-1002.
245 1 0 _aSirr ṣināʻat al-iʻrāb.
260 _c[1954-
300 _av.
_c24 cm.
650 0 _aArabic language
_xGrammar.
999 _c47926
_d47926